Borussia Dortmund Squad 2017-2018 - Statistics

General Stats
  • This quiz has been taken 430 times
  • The average score is 18 of 28
Answer Stats
Nbr Post Nationality Player % Correct
11 FW Germany Marco Reus
95%
17 FW Gabon Pierre-Emerick Aubameyang
92%
23 MF Japan Shinji Kagawa
90%
22 MF USA Christian Pulisic
89%
38 GK Switzerland Roman Bürki
88%
25 DF Greece Sokratis Papastathopoulos
84%
10 MF Germany Mario Götze
83%
8 MF Turkey Nuri Sahin
83%
1 GK Germany Roman Weidenfeller
83%
4 DF Serbia Neven Subotic
79%
13 DF Portugal Raphael Guerreiro
78%
9 FW Ukraine Andrey Yarmolenko
77%
5 DF Spain Marc Bartra
76%
26 DF Poland Lukasz Piszczek
73%
29 DF Germany Marcel Schmelzer
70%
14 FW Sweden Alexander Isak
68%
2 DF France Dan-Axel Zagadou
65%
36 DF Turkey Ömer Toprak
62%
33 MF Germany Julian Weigl
57%
21 MF Germany André Schürrle
43%
19 MF Germany Mahmoud Dahoud
40%
27 MF Germany Gonzalo Castro
39%
- Coach Germany Peter Bosz
39%
37 DF Germany Erik Durm
37%
20 FW Germany Maximilian Philipp
37%
34 FW Denmark Jacob Bruun Larsen
36%
18 MF Germany Sebastian Rode
32%
35 GK Germany Dominik Reimann
14%
No matching quizzes found
Score Distribution
Percent of People with Each Score
Percentile by Number Answered
Your Score History
You have not taken this quiz